000 00964cam a2200241 i 4500
999 _c58353
_d58353
001 18413244
005 20240209115808.0
008 141222s2015 flua b 001 0 eng
020 _a9781482251883x
041 _aeng
080 _a004.42+519.61 S-70
100 1 _aSolomon, Justin.
_912978
245 1 0 _aNumerical algorithms :
_bmethods for computer vision, machine learning, and graphics /
_cJustin Solomon.
264 1 _aBoca Raton :
_bCRC Press, Taylor & Francis Group,
_c2015.
300 _a379 pages :
_billustrations ;
_c26 cm.
653 _aსაინფორმაციო ტექნოლოგიები
653 _aგამოთვლითი მათემატიკა
653 _aრიცხვითი ანალიზი
653 _aИнформационные технологии
653 _aВычислительная математика
653 _aЧисленный анализ
942 _2udc
_cBK